000
00280nam a2200085Ia 4500
008
220120s9999||||xx |||||||||||||| ||und||
100
_a
Jayaprasad, K.M and Amritha, C.K
_9
12207
245
0
_a
ATM transaction security using GSM
260
_a
Coorg Institute of Technology
_b
Ponnampet
_c
2009
999
_c
137793
_d
137793